Kvalita výrobkov a služieb v normách 3 Certifikácia a akreditácia

Bibliographic Details
Main Author: Kmeť, Stanislav, 1943- (Author)
Format: Book
Language:Slovak
PhysicalDescription:45 s. 21 cm
Published: Žilina KOA 1995
ISBN:8096736124
Subjects:

MARC

LEADER 00000cam a2200000 a 4500
001 vtls001059263
003 SK-MaSNL
005 20260302063637.0
008 240226s1995 xo al 000 0 slo
015 |a SNBN1996/0200795 
020 |a 8096736124 
035 |a SNK000002081 
035 |a urn:nbn:sk:snk-amkdzn 
035 |a urn:nbn:sk:snk-am003ofo 
035 |a C2552798-1E59-4D6B-BAB9-8AB784A2ABEE 
040 |a SNK  |b slo  |c SNK  |e AACR2 
041 0 |a slo 
044 |a xo  |c SK 
080 |a 658.56:006.83+006.87(083.74)  |2 1981 
080 |a 006.83  |2 1981 
100 1 |a Kmeť, Stanislav,  |d 1943-  |4 aut  |9 236069 
245 1 0 |a Kvalita výrobkov a služieb v normách  |n 3  |p Certifikácia a akreditácia  |c Stanislav Kmeť 
246 3 |a Certifikácia a akreditácia 
260 |a Žilina  |b KOA  |c 1995 
300 |a 45 s.  |c 21 cm 
650 0 7 |a kvalita výrobkov  |2 SNK  |9 30963 
650 0 7 |a kvalita sužieb  |2 SNK  |9 725179 
650 0 7 |a normy kvality  |2 SNK  |9 1633 
655 7 |a normatívmo-technické predpisy  |2 SNK  |9 60484 
852 |a Slovenská národná knižnica 
919 |a 80-967361-2-4 
958 |a OND 
958 |a TL 
958 |a BQ 
958 |a UO 
999 |c 1133296  |d 1135226 
952 |t P60, <09>, [BOOK], {629}  |a SNK  |b SNK  |y NEVYP  |7 0  |o snkC 1593  |i snk3054/951004  |0 0  |1 0  |4 0  |d 1995-10-03  |l 0  |r 2004-12-31 00:00:00  |w 2026-02-24 
952 |t P60, <03>, [BOOK], {603}  |a SNK  |b SNK  |y PREZ  |7 0  |p 17A0062319  |o snkSC 89007/3  |i snkKSP 8250/95  |0 0  |1 0  |4 0  |d 1995-10-03  |f 1  |l 0  |r 2025-09-08 00:00:00  |w 2026-02-24 
952 |a SNK  |b SNK  |y VYP  |7 0  |p 17A0002937  |o snkSC 89007/3 D1  |i snkKSP 8251/95  |0 0  |1 0  |4 0  |d 1995-10-03  |l 0  |r 2004-12-31 00:00:00  |w 2026-02-24